00741 2200253 4500001002100000001002100021005001500042020002200057035002400079040001200103082001600115084001600131090001600147090001600163100001200179245009600191245006200287260002200349260003300371300003200404650002400436850001200460990001500472YOGYA000000000000726YOGYA00000000000072620140822070714 a978-602-8674-63-8 0010-081400000000766 aYOPDYOG 2[22]a618.9 a618.9 Wid M a796.8 Jok T a618.9 Wid M aWIDAGDO aTenaga dalam benteng al-muhaqin : teknik membentengi diri dari serangan lawancJoko Subroto aTatalaksana masalah penyakit anak dengan demam/cWidagdo. aSolobAnekac1995 aJakarta:bSagung Seto,c2012 aXIV, 334hlm.;c23cm.(3 eks) aAnak-Penyakit-Demam aYOPDYOG a77075-P/96